[Event "Bremen Silvester op"]
[Site "Bremen"]
[Date "2018.12.28"]
[Round "4"]
[White "Schroeder, Harm"]
[Black "Schwenteck, Peter"]
[Result "0-1"]
[WhiteElo "1704"]
[BlackElo "1852"]
[PlyCount "76"]
[EventDate "2018.12.27"]
[EventType "swiss"]
[EventRounds "7"]
[EventCountry "GER"]
[SourceTitle "CBM 188 Extra"]
[Source "ChessBase"]
[SourceDate "2019.02.28"]
[SourceVersion "1"]
[SourceVersionDate "2019.02.28"]
[SourceQuality "1"]

1. e4 d6 2. d4 Nf6 3. Nc3 g6 4. Nf3 c6 5. b3 Bg7 6. Bb2 Qc7 7. Be2 0-0 8. 0-0 Nbd7 9. Rb1 b5 10. Qd3 a5 11. a3 b4 12. Na4 Ba6 13. Qd1 Bb5 14. Bd3 Bxa4 15. bxa4 Nb6 16. axb4 axb4 17. c3 bxc3 18. Bxc3 Nxa4 19. Bd2 Nd7 20. Qc2 Nab6 21. Rfc1 c5 22. d5 Ra7 23. Bc3 Rfa8 24. Bxg7 Kxg7 25. Bb5 f6 26. h4 Ra2 27. Rb2 Rxb2 28. Qxb2 Ne5 29. Nxe5 fxe5 30. Qe2 Nd7 31. Bc6 Rb8 32. f3 Nf6 33. Qa2 Qb6 34. Ra1 c4+ 35. Kh2 c3 36. Qa4 Qf2 37. Qa7 Qxa7 38. Rxa7 c2 0-1

[Event "Bremen Silvester op"]
[Site "Bremen"]
[Date "2017.12.30"]
[Round "7"]
[White "Schuette, Marc"]
[Black "Schwenteck, Peter"]
[Result "1/2-1/2"]
[WhiteElo "2132"]
[BlackElo "1804"]
[PlyCount "83"]
[EventDate "2017.12.27"]
[EventType "swiss"]
[EventRounds "7"]
[EventCountry "GER"]
[SourceTitle "CBM 182 Extra"]
[Source "ChessBase"]
[SourceDate "2018.02.23"]
[SourceVersion "1"]
[SourceVersionDate "2018.02.23"]
[SourceQuality "1"]

1. e4 d6 2. d4 Nf6 3. Bd3 g6 4. Nf3 Bg7 5. 0-0 0-0 6. Re1 Nbd7 7. c3 c6 8. Nbd2 Qc7 9. b3 e5 10. Ba3 Rd8 11. Nc4 c5 12. dxe5 dxe5 13. Qc2 b5 14. Ne3 a6 15. c4 Nb6 16. Bb2 bxc4 17. Nxc4 Nxc4 18. Bxc4 Re8 19. b4 cxb4 20. Ng5 Be6 21. Nxe6 Rxe6 22. Rac1 Rc8 23. Qb1 Rc6 24. Bxa6 Rd8 25. g3 Rd2 26. Be2 Rcc2 27. Rxc2 Qxc2 28. Qxc2 Rxc2 29. Bxe5 Rxa2 30. Bc4 Rc2 31. Bb3 Rd2 32. Rc1 Rd8 33. Rc7 Nd7 34. Bf4 h6 35. Rb7 g5 36. Bc7 Nc5 37. Rxb4 Rd7 38. Bb6 Nxb3 39. Rxb3 Rb7 40. Rb4 Bf8 41. Rb5 Bd6 42. h3 1/2-1/2

[Event "Bremen Silvester op"]
[Site "Bremen"]
[Date "2017.12.28"]
[Round "4"]
[White "Schroeder, Harm"]
[Black "Schwenteck, Peter"]
[Result "0-1"]
[WhiteElo "1744"]
[BlackElo "1804"]
[PlyCount "112"]
[EventDate "2017.12.27"]
[EventType "swiss"]
[EventRounds "7"]
[EventCountry "GER"]
[SourceTitle "CBM 182 Extra"]
[Source "ChessBase"]
[SourceDate "2018.02.23"]
[SourceVersion "1"]
[SourceVersionDate "2018.02.23"]
[SourceQuality "1"]

1. e4 d6 2. d4 Nf6 3. Nc3 g6 4. Nf3 Bg7 5. Bc4 0-0 6. Bb3 Nbd7 7. 0-0 c6 8. Bg5 Qc7 9. a3 b6 10. Re1 e5 11. dxe5 dxe5 12. Qe2 Nc5 13. Bxf6 Bxf6 14. Ba2 Qe7 15. Red1 Ba6 16. Qe3 Rad8 17. Rxd8 Rxd8 18. Rd1 Rxd1+ 19. Nxd1 Ne6 20. Bxe6 Qxe6 21. Nc3 Kg7 22. h3 Be7 23. b4 h6 24. Kh2 Bb7 25. Qd3 c5 26. bxc5 Bxc5 27. Nd1 Qd6 28. Qxd6 Bxd6 29. Nc3 f6 30. Nb5 Bc5 31. Nxa7 Bxe4 32. Nb5 Bxc2 33. Ne1 Be4 34. f3 Bc6 35. a4 Bxb5 36. axb5 Kf7 37. Nd3 Bd4 38. g4 Ke6 39. Nb4 Kd6 40. Nc6 Kc5 41. Na7 f5 42. Kg3 f4+ 43. Kg2 Kd5 44. Nc6 Kc4 45. Na7 Kd3 46. Nc6 e4 47. fxe4 Kxe4 48. Ne7 g5 49. Nf5 Kd5 50. Nxh6 Kc5 51. Nf5 Bf6 52. Kf3 Kxb5 53. h4 Kc5 54. h5 b5 55. h6 b4 56. h7 b3 0-1

[Event "Niedersachsen-ch Seniors 51st"]
[Site "Handeloh"]
[Date "2017.06.22"]
[Round "5"]
[White "Schwenteck, Peter"]
[Black "Weczerek, Dieter"]
[Result "1-0"]
[WhiteElo "1684"]
[BlackElo "1762"]
[PlyCount "139"]
[EventDate "2017.06.18"]
[EventType "swiss"]
[EventRounds "7"]
[EventCountry "GER"]
[SourceTitle "EXT 2023"]
[Source "ChessBase"]
[SourceDate "2022.10.05"]
[SourceVersion "1"]
[SourceVersionDate "2022.10.05"]
[SourceQuality "1"]

1. d4 Nf6 2. Nf3 g6 3. c4 Bg7 4. Nc3 d5 5. g3 0-0 6. Bg2 c6 7. 0-0 b6 8. b3 Bb7 9. e3 dxc4 10. bxc4 e6 11. Ba3 Re8 12. Ne5 Nfd7 13. Nd3 Qc8 14. Ne4 Bf8 15. Bxf8 Rxf8 16. Nd6 Qc7 17. Nxb7 Qxb7 18. a4 a5 19. Qb3 Ra7 20. Rfb1 Qc7 21. Qc3 Re8 22. c5 Rb7 23. cxb6 Rxb6 24. Rc1 Ra6 25. Rab1 Rc8 26. Rb3 Rb6 27. Rxb6 Qxb6 28. Nc5 Nxc5 29. Qxc5 Qc7 30. e4 Na6 31. Qc4 Nb4 32. d5 exd5 33. exd5 c5 34. Qb5 c4 35. Bh3 f5 36. d6 Qxd6 37. Rxc4 Rxc4 38. Qxc4+ Qd5 39. Qc8+ Kg7 40. Bf1 Qc6 41. Qd8 Qxa4 42. Qe7+ Kh6 43. Qf8+ Kg5 44. h4+ Kg4 45. Qh6 Nd5 46. Kg2 Qe4+ 47. Kh2 Qe7 48. Bg2 f4 49. Bxd5 fxg3+ 50. fxg3 Qe5 51. Be6+ Kf3 52. Qf8+ Ke3 53. Bh3 a4 54. Qa3+ Kf2 55. Bg2 Qe3 56. Qxe3+ Kxe3 57. Bd5 a3 58. Kg2 Kd4 59. Bg8 Ke5 60. Kf3 Kf6 61. Ba2 h6 62. Kf4 g5+ 63. hxg5+ hxg5+ 64. Kg4 Kg6 65. Bc4 Kh6 66. Bb3 Kg6 67. Ba2 Kh6 68. Bb1 a2 69. Bxa2 Kg6 70. Bb3 1-0

[Event "Niedersachsen-ch Seniors 51st"]
[Site "Handeloh"]
[Date "2017.06.21"]
[Round "4"]
[White "Kleinschmidt, Norbert"]
[Black "Schwenteck, Peter"]
[Result "1/2-1/2"]
[WhiteElo "1673"]
[BlackElo "1684"]
[PlyCount "47"]
[EventDate "2017.06.18"]
[EventType "swiss"]
[EventRounds "7"]
[EventCountry "GER"]
[SourceTitle "EXT 2023"]
[Source "ChessBase"]
[SourceDate "2022.10.05"]
[SourceVersion "1"]
[SourceVersionDate "2022.10.05"]
[SourceQuality "1"]

1. d4 d5 2. Nf3 Nf6 3. Bg5 e6 4. Nbd2 Be7 5. Bxf6 Bxf6 6. e4 g6 7. c3 b6 8. Bd3 0-0 9. e5 Bg7 10. h4 f5 11. Qe2 c5 12. 0-0-0 Nc6 13. Bb5 Na5 14. Nb3 a6 15. Bd3 c4 16. Nxa5 cxd3 17. Qxd3 bxa5 18. Ng5 h6 19. Nh3 Bd7 20. Nf4 Kf7 21. g4 Be8 22. gxf5 exf5 23. Rdg1 Ke7 24. Nxg6+ 1/2-1/2

[Event "Niedersachsen-ch Seniors 51st"]
[Site "Handeloh"]
[Date "2017.06.20"]
[Round "3"]
[White "Schwenteck, Peter"]
[Black "Adibekian, Roubik"]
[Result "0-1"]
[WhiteElo "1684"]
[BlackElo "2024"]
[PlyCount "112"]
[EventDate "2017.06.18"]
[EventType "swiss"]
[EventRounds "7"]
[EventCountry "GER"]
[SourceTitle "EXT 2023"]
[Source "ChessBase"]
[SourceDate "2022.10.05"]
[SourceVersion "1"]
[SourceVersionDate "2022.10.05"]
[SourceQuality "1"]

1. d4 Nf6 2. Nf3 b6 3. c4 Bb7 4. Nc3 e6 5. e3 d5 6. Ne5 Be7 7. Qa4+ c6 8. Be2 0-0 9. cxd5 cxd5 10. Bd2 a6 11. Rc1 b5 12. Qb3 Nbd7 13. Nd3 Qb6 14. 0-0 Rac8 15. Rc2 Ne4 16. Be1 Nd6 17. a3 Nc4 18. Qa2 a5 19. Nb1 b4 20. axb4 axb4 21. Nd2 Nxd2 22. Rxd2 b3 23. Qb1 Ba6 24. Rd1 Rc2 25. Bf3 Bc4 26. Rd2 Qb5 27. Be2 Rxd2 28. Bxd2 Nb6 29. Re1 Ra8 30. Nc1 Bb4 31. Bxc4 dxc4 32. Bxb4 Qxb4 33. Ne2 Qa5 34. Nc3 Nd5 35. Ne4 Nb4 36. Rd1 Nc2 37. Qc1 Qb4 38. Nc3 g6 39. h3 Rd8 40. Qd2 Kg7 41. Qe2 Rd7 42. Qf3 Qb7 43. Qf4 Qc7 44. Qg5 h6 45. Qg4 f5 46. Qf3 Nb4 47. Qe2 Nd3 48. Ra1 Qc6 49. Ra3 Rc7 50. Ra1 Nb4 51. Ra4 Nd5 52. Nxd5 exd5 53. Ra5 c3 54. Rc5 c2 55. Qd2 Qd6 56. Qc3 Rxc5 0-1

[Event "Niedersachsen-ch op-B"]
[Site "Verden"]
[Date "2016.01.05"]
[Round "5"]
[White "Lau, Theodor"]
[Black "Schwenteck, Peter"]
[Result "1-0"]
[WhiteElo "1635"]
[BlackElo "1855"]
[PlyCount "61"]
[EventDate "2016.01.03"]
[EventType "swiss"]
[EventRounds "7"]
[EventCountry "GER"]
[SourceTitle "EXT 2018"]
[Source "ChessBase"]
[SourceDate "2017.10.13"]
[SourceVersion "1"]
[SourceVersionDate "2017.10.13"]
[SourceQuality "1"]

1. e4 e5 2. Nf3 Nc6 3. Bc4 Bc5 4. b4 Bxb4 5. c3 Ba5 6. d4 Qe7 7. 0-0 d6 8. d5 Nb8 9. Qa4+ Nd7 10. Qxa5 Nc5 11. Nbd2 Nf6 12. Bb5+ Kf8 13. Re1 h6 14. Ba3 b6 15. Qb4 g5 16. g3 Bh3 17. Qb1 Rg8 18. Bxc5 dxc5 19. Bf1 Bxf1 20. Kxf1 h5 21. Nc4 Nd7 22. Ne3 Rg6 23. Nf5 Qf6 24. Qb5 Rd8 25. Rad1 Nb8 26. Qb2 Kg8 27. c4 Nd7 28. d6 Qe6 29. Ne7+ Kh7 30. Nxg6 cxd6 31. Nxg5+ 1-0

[Event "Niedersachsen-ch op-B"]
[Site "Verden"]
[Date "2016.01.04"]
[Round "3"]
[White "Goes, Carsten"]
[Black "Schwenteck, Peter"]
[Result "1/2-1/2"]
[WhiteElo "1747"]
[BlackElo "1855"]
[PlyCount "104"]
[EventDate "2016.01.03"]
[EventType "swiss"]
[EventRounds "7"]
[EventCountry "GER"]
[SourceTitle "EXT 2018"]
[Source "ChessBase"]
[SourceDate "2017.10.13"]
[SourceVersion "1"]
[SourceVersionDate "2017.10.13"]
[SourceQuality "1"]

1. d4 d5 2. c4 e6 3. Nf3 c6 4. e3 Nf6 5. b3 Nbd7 6. Bd3 Bd6 7. Bb2 0-0 8. 0-0 Qc7 9. Nbd2 Re8 10. Rc1 Bf8 11. Ne5 g6 12. f4 Bg7 13. c5 Rf8 14. Rf3 Nxe5 15. fxe5 Ng4 16. h3 Nh6 17. Qf1 Qe7 18. e4 f6 19. exf6 Bxf6 20. e5 Bg5 21. Rxf8+ Qxf8 22. Qxf8+ Kxf8 23. Rf1+ Ke7 24. Nf3 Be3+ 25. Kh2 Nf7 26. Bc1 Bxc1 27. Rxc1 Kd7 28. Kg3 b6 29. b4 Rb8 30. Rb1 bxc5 31. bxc5 Rxb1 32. Bxb1 Ba6 33. Kh4 Ke7 34. Bc2 Bb5 35. a3 Kf8 36. g3 a5 37. Ng5 Nxg5 38. Kxg5 Kg7 39. h4 h6+ 40. Kf4 Kf7 41. g4 Kg7 42. g5 h5 43. Ke3 Kf7 44. Kd2 Kg7 45. Bd3 Ba4 46. Kc3 Kf7 47. Bc2 Bb5 48. Kb3 Kg7 49. Kc3 Kf7 50. Bd3 Ba4 51. Bc2 Bb5 52. Bd3 Ba4 1/2-1/2

[Event "Bremen-ch op"]
[Site "Bremen"]
[Date "2015.04.03"]
[Round "8"]
[White "Schwenteck, Peter"]
[Black "Scheidt, Mike Niklas"]
[Result "1-0"]
[WhiteElo "1888"]
[BlackElo "1363"]
[PlyCount "75"]
[EventDate "2015.03.28"]
[EventType "swiss"]
[EventRounds "9"]
[EventCountry "GER"]
[SourceTitle "EXT 2018"]
[Source "ChessBase"]
[SourceDate "2017.10.13"]
[SourceVersion "1"]
[SourceVersionDate "2017.10.13"]
[SourceQuality "1"]

1. d4 d5 2. c4 e6 3. Nf3 c6 4. g3 Nf6 5. Bg2 Bd6 6. c5 Bc7 7. 0-0 0-0 8. Nc3 Nbd7 9. Bf4 Re8 10. Qc2 e5 11. dxe5 Nxe5 12. Nd4 Bd7 13. Rad1 Qc8 14. e4 Bh3 15. exd5 Bxg2 16. Kxg2 cxd5 17. Ndb5 Bb8 18. b4 Qc6 19. Nd4 Qd7 20. Rfe1 Nc6 21. Rxe8+ Qxe8 22. Bxb8 Rxb8 23. a3 Qd7 24. Nf5 Rd8 25. Nd6 Ne7 26. Qb3 b6 27. Qc2 bxc5 28. bxc5 Qc6 29. Ncb5 Nc8 30. Nd4 Qc7 31. N6f5 Nd7 32. Rc1 Re8 33. Nb5 Qc6 34. Nbd4 Qc7 35. Qc3 f6 36. Qb3 Nxc5 37. Qxd5+ Kh8 38. Rxc5 1-0

[Event "Bremen-ch op"]
[Site "Bremen"]
[Date "2015.04.02"]
[Round "7"]
[White "Heldt, Nils Lennart"]
[Black "Schwenteck, Peter"]
[Result "1-0"]
[WhiteElo "1708"]
[BlackElo "1888"]
[PlyCount "43"]
[EventDate "2015.03.28"]
[EventType "swiss"]
[EventRounds "9"]
[EventCountry "GER"]
[SourceTitle "EXT 2018"]
[Source "ChessBase"]
[SourceDate "2017.10.13"]
[SourceVersion "1"]
[SourceVersionDate "2017.10.13"]
[SourceQuality "1"]

1. d4 e6 2. c4 d5 3. Nc3 c6 4. Nf3 f5 5. g3 Bd6 6. Bg2 Nf6 7. Bg5 0-0 8. e3 Nbd7 9. cxd5 cxd5 10. 0-0 b6 11. Qb3 Ba6 12. Rfc1 Bc4 13. Qd1 Qe8 14. Bxf6 Nxf6 15. Nd2 Ba6 16. a3 Rc8 17. b4 Rc7 18. Qb3 Ne4 19. Ndxe4 fxe4 20. Nxd5 Rxc1+ 21. Rxc1 Bxg3 22. hxg3 1-0

[Event "Bremen-ch op"]
[Site "Bremen"]
[Date "2015.03.29"]
[Round "3"]
[White "Kollars, Michael"]
[Black "Schwenteck, Peter"]
[Result "0-1"]
[WhiteElo "1632"]
[BlackElo "1888"]
[PlyCount "66"]
[EventDate "2015.03.28"]
[EventType "swiss"]
[EventRounds "9"]
[EventCountry "GER"]
[SourceTitle "EXT 2018"]
[Source "ChessBase"]
[SourceDate "2017.10.13"]
[SourceVersion "1"]
[SourceVersionDate "2017.10.13"]
[SourceQuality "1"]

1. e4 e6 2. d4 d5 3. Nd2 Nf6 4. e5 Nfd7 5. Bd3 c5 6. c3 Nc6 7. Ne2 Be7 8. Nf3 cxd4 9. cxd4 Qb6 10. 0-0 Nf8 11. a3 Bd7 12. b4 a6 13. Be3 Ng6 14. Qd2 f6 15. g3 0-0 16. Bxg6 hxg6 17. Nh4 Be8 18. Qd3 fxe5 19. dxe5 Qc7 20. Nxg6 Nxe5 21. Nxe5 Qxe5 22. Bd4 Qh5 23. Nf4 Qh6 24. Rfe1 Bd7 25. Qe2 Rae8 26. a4 Bxb4 27. Reb1 a5 28. Qe5 Rf5 29. Qc7 Bc6 30. Nd3 e5 31. Bxe5 Rexe5 32. Nxe5 Bd6 33. Qd8+ Rf8 0-1

[Event "Bremen-ch Seniors"]
[Site "Bremen"]
[Date "2015.01.08"]
[Round "4"]
[White "Schwenteck, Peter"]
[Black "Meyer, Irmin"]
[Result "1/2-1/2"]
[WhiteElo "1696"]
[BlackElo "1894"]
[PlyCount "50"]
[EventDate "2015.01.05"]
[EventType "swiss"]
[EventRounds "7"]
[EventCountry "GER"]
[SourceTitle "EXT 2018"]
[Source "ChessBase"]
[SourceDate "2017.10.13"]
[SourceVersion "1"]
[SourceVersionDate "2017.10.13"]
[SourceQuality "1"]

1. d4 Nf6 2. Nf3 e6 3. g3 c5 4. e3 Nc6 5. Bg2 d5 6. 0-0 cxd4 7. exd4 Be7 8. Nbd2 0-0 9. c3 Qc7 10. Nb3 a5 11. Bf4 Bd6 12. Bxd6 Qxd6 13. Nc5 b6 14. Nd3 Ba6 15. Re1 Nd7 16. Qd2 h6 17. Nf4 Rfe8 18. Rad1 b5 19. b3 Rec8 20. Rc1 Rab8 21. Bf1 Ne7 22. Bd3 Rc7 23. Rc2 Rbc8 24. Rec1 Qb6 25. Qe2 Rc6 1/2-1/2

[Event "Bremen-ch op"]
[Site "Bremen"]
[Date "2014.04.17"]
[Round "7"]
[White "Roehl, Bernd"]
[Black "Schwenteck, Peter"]
[Result "1/2-1/2"]
[WhiteElo "1752"]
[BlackElo "1910"]
[PlyCount "39"]
[EventDate "2014.04.14"]
[EventType "swiss"]
[EventRounds "9"]
[EventCountry "GER"]
[SourceTitle "EXT 2018"]
[Source "ChessBase"]
[SourceDate "2017.10.13"]
[SourceVersion "1"]
[SourceVersionDate "2017.10.13"]
[SourceQuality "1"]

1. d4 d5 2. Nf3 Nf6 3. e3 g6 4. Bd3 Bg7 5. 0-0 0-0 6. Nbd2 b6 7. Re1 Bb7 8. c3 Nbd7 9. Nf1 Re8 10. N3d2 e5 11. Ng3 e4 12. Be2 c6 13. b3 c5 14. Bb2 a6 15. c4 dxc4 16. Nxc4 Qe7 17. dxc5 bxc5 18. Nd6 Reb8 19. Bc4 Nb6 20. Nxf7 1/2-1/2

[Event "Bremen-ch op"]
[Site "Bremen"]
[Date "2013.03.26"]
[Round "5"]
[White "Schwenteck, Peter"]
[Black "Issing, Peter"]
[Result "0-1"]
[WhiteElo "1901"]
[BlackElo "2197"]
[PlyCount "64"]
[EventDate "2013.03.23"]
[EventType "swiss"]
[EventRounds "9"]
[EventCountry "GER"]
[SourceTitle "EXT 2022"]
[Source "ChessBase"]
[SourceDate "2021.10.06"]
[SourceVersion "1"]
[SourceVersionDate "2021.10.06"]
[SourceQuality "1"]

1. d4 Nf6 2. Nf3 g6 3. g3 Bg7 4. Bg2 0-0 5. 0-0 d6 6. c4 Nc6 7. Nc3 Bf5 8. a3 Ne4 9. e3 Nxc3 10. bxc3 Be4 11. Nh4 Bxg2 12. Nxg2 Na5 13. Qe2 Qd7 14. e4 c5 15. Rd1 cxd4 16. cxd4 Nb3 17. Rb1 Nxd4 18. Qe3 e5 19. Bb2 Rac8 20. Qd3 b6 21. Bxd4 exd4 22. Nf4 Rfe8 23. Re1 Qc6 24. Rbc1 Qa4 25. Ne2 Rc5 26. Nxd4 Rec8 27. Ne2 Rxc4 28. Rxc4 Qxc4 29. Qe3 Re8 30. Nf4 Bh6 31. Qf3 Bxf4 32. gxf4 f5 0-1

[Event "Bremen-ch op"]
[Site "Bremen"]
[Date "2013.03.24"]
[Round "2"]
[White "Hoeffer, David"]
[Black "Schwenteck, Peter"]
[Result "1-0"]
[WhiteElo "2220"]
[BlackElo "1901"]
[PlyCount "43"]
[EventDate "2013.03.23"]
[EventType "swiss"]
[EventRounds "9"]
[EventCountry "GER"]
[SourceTitle "EXT 2022"]
[Source "ChessBase"]
[SourceDate "2021.10.06"]
[SourceVersion "1"]
[SourceVersionDate "2021.10.06"]
[SourceQuality "1"]

1. d4 d5 2. Nf3 Nf6 3. c4 e6 4. g3 c6 5. Bg2 Be7 6. 0-0 0-0 7. Nc3 Nbd7 8. Qc2 b6 9. Rd1 Ba6 10. b3 Rc8 11. Bb2 c5 12. dxc5 dxc4 13. c6 Rxc6 14. Ne5 Rc7 15. Nc6 Qe8 16. bxc4 Bb7 17. Nxe7+ Qxe7 18. Nb5 Bxg2 19. Nxc7 Be4 20. Qd2 Qc5 21. Nb5 Qh5 22. f3 1-0

[Event "Niedersachsen-ch op-A"]
[Site "Verden"]
[Date "2013.01.04"]
[Round "3"]
[White "Schwenteck, Peter"]
[Black "Schubert, Matthias"]
[Result "0-1"]
[WhiteElo "1946"]
[BlackElo "1968"]
[PlyCount "62"]
[EventDate "2013.01.03"]
[EventType "swiss"]
[EventRounds "7"]
[EventCountry "GER"]
[SourceTitle "EXT 2014"]
[Source "ChessBase"]
[SourceDate "2013.11.20"]
[SourceVersion "1"]
[SourceVersionDate "2013.11.20"]
[SourceQuality "1"]

1. d4 Nf6 2. Nf3 g6 3. g3 Bg7 4. Bg2 0-0 5. 0-0 d5 6. c4 dxc4 7. Ne5 Nc6 8. Nxc6 bxc6 9. Qc2 Rb8 10. Qxc4 Be6 11. Qa4 Bd5 12. Nc3 Bxg2 13. Kxg2 Nd5 14. Rd1 Nxc3 15. bxc3 Qd5+ 16. f3 a5 17. Ba3 Rfe8 18. Qc2 Qc4 19. f4 e6 20. Rdb1 Rxb1 21. Rxb1 Bxd4 22. Qe4 Qxa2 23. Qxc6 Qxe2+ 24. Kh1 Rd8 25. cxd4 Rd5 26. Qe8+ Kg7 27. Bf8+ Kf6 28. Be7+ Kf5 29. Qxf7+ Kg4 30. Rg1 Rh5 31. Bh4 Kh3 0-1

[Event "Bremen-ch op"]
[Site "Bremen"]
[Date "2012.04.04"]
[Round "6"]
[White "Schwenteck, Peter"]
[Black "Webner, Dennis"]
[Result "1/2-1/2"]
[WhiteElo "1901"]
[BlackElo "2031"]
[PlyCount "29"]
[EventDate "2012.03.31"]
[EventType "swiss"]
[EventRounds "9"]
[EventCountry "GER"]
[SourceTitle "EXT 2022"]
[Source "ChessBase"]
[SourceDate "2021.10.06"]
[SourceVersion "1"]
[SourceVersionDate "2021.10.06"]
[SourceQuality "1"]

1. d4 e6 2. c4 Nf6 3. Nf3 d5 4. g3 c5 5. Bg2 Nc6 6. cxd5 exd5 7. Nc3 cxd4 8. Nxd4 Bb4 9. Nxc6 bxc6 10. Qa4 Bxc3+ 11. bxc3 0-0 12. 0-0 Bg4 13. Qc2 Re8 14. e3 Qd7 15. Bb2 1/2-1/2

[Event "Bremen-ch op"]
[Site "Bremen"]
[Date "2012.04.02"]
[Round "4"]
[White "Schwenteck, Peter"]
[Black "Isakson, Alex"]
[Result "1-0"]
[WhiteElo "1901"]
[BlackElo "1963"]
[PlyCount "29"]
[EventDate "2012.03.31"]
[EventType "swiss"]
[EventRounds "9"]
[EventCountry "GER"]
[SourceTitle "EXT 2022"]
[Source "ChessBase"]
[SourceDate "2021.10.06"]
[SourceVersion "1"]
[SourceVersionDate "2021.10.06"]
[SourceQuality "1"]

1. d4 Nf6 2. Nf3 d6 3. c4 g6 4. Nc3 Bg7 5. e4 0-0 6. Be2 e5 7. dxe5 dxe5 8. 0-0 Nbd7 9. Qc2 c6 10. Rd1 Qc7 11. b4 a5 12. b5 Re8 13. Ba3 Nf8 14. Bd6 Qb6 15. c5 1-0